Statistics for Guess the Lyrics #42

Click here to take the quiz!

General Stats

  • This quiz has been taken 1,432 times
    (360 since last reset)
  • The average score is 165 of 320

Answer Stats

Lyrics% Correct
I
100%
a
99%
you?
94%
you,
94%
You
94%
you
94%
the
92%
me
78%
when
78%
When
78%
And
76%
and
76%
Your
76%
your
76%
be
75%
to
75%
To
75%
we
75%
where
75%
is
72%
in
70%
it
69%
Then
65%
you're
65%
You're
65%
my
64%
so
64%
(So
64%
hear
63%
this
60%
don't
58%
Don't
58%
that
57%
of
55%
were
55%
they
54%
one
52%
Like
49%
not,
49%
think
47%
was
44%
As
42%
see
42%
time
42%
all
41%
But
40%
I'll
40%
would
40%
about
38%
had
38%
with
37%
should
36%
never
35%
some
35%
Some
35%
song
34%
up
34%
them
33%
vain)
33%
vain
33%
won
33%
or
32%
into
30%
probably
30%
bet
26%
eye
24%
hat
22%
said
22%
walked
22%
Well,
21%
away
20%
friend,
19%
friend
19%
girls
19%
still
19%
leave
18%
loved
18%
walking
18%
You're So Vain - Carly Simon
18%
dreams
17%
made
17%
onto
17%
went
17%
things
16%
gave
15%
mirror
15%
partner
15%
party
15%
scarf
15%
sun
15%
They'd
15%
they'd
15%
yacht
15%
Clouds
14%
clouds
14%
close
13%
coffee,
13%
coffee
13%
wife
12%
Wife
12%
yourself
12%
ago
11%
apricot
11%
below
11%
dreamed
11%
naive
11%
pretty
11%
dipped
10%
strategically
10%
watched
10%
years
10%
quite
9%
such
9%
pair
8%
several
8%
total
8%
eclipse
7%
Nova
7%
Scotia
7%
spy
7%
flew
6%
horse
6%
jet
6%
naturally
6%
Saratoga
6%
gavotte
5%
Lear
5%
underworld
5%

Score Distribution

Percentile by Number Answered

Percent of People with Each Score

Your Score History

You have not taken this quiz since the last reset